| 000 | 00641nam a22002057a 4500 | ||
|---|---|---|---|
| 005 | 20141203084758.0 | ||
| 008 | 140109b xxu||||| |||| 00| 0 eng d | ||
| 020 | _a9781285191966 | ||
| 050 |
_aP 90 _b.G875 2014 |
||
| 100 | _aGriffin, Cindy L. | ||
| 245 |
_aInvitation to human communication / _cCindy L. Griffin, Jennifer Emerling Bone. |
||
| 250 | _a1st ed. | ||
| 260 |
_aBoston, MA : _bWadsworth, Cengage Learning, _c2012. |
||
| 300 |
_axxv, 456 p. : _bill. col. ; _c26 cm. |
||
| 504 | _aIncludes Index. | ||
| 650 | _aCommunication. | ||
| 700 |
_aBone, Jennifer Emerling _eauthor. |
||
| 942 |
_2lcc _cBK _kFOR |
||
| 999 |
_c25982 _d25982 |
||